[Event "St Veit op 43rd"]
[Site "St Veit"]
[Date "2024.07.13"]
[Round "9"]
[White "Moeller, Dustin"]
[Black "Kempe, Caius Emilian"]
[Result "1/2-1/2"]
[WhiteElo "2170"]
[BlackElo "2015"]
[PlyCount "146"]
[EventDate "2024.07.06"]
[EventType "swiss"]
[EventRounds "9"]
[EventCountry "AUT"]
[SourceTitle "CBM 221 Extra"]
[Source "ChessBase"]
[SourceDate "2024.09.30"]
[SourceVersion "1"]
[SourceVersionDate "2024.09.30"]
[SourceQuality "1"]

1. d4 Nf6 2. c4 g6 3. Nc3 Bg7 4. e4 d6 5. Nf3 0-0 6. Be2 e5 7. d5 Ne8 8. h4 Bg4 9. Be3 h6 10. Qd2 Bxf3 11. Bxf3 Kh7 12. h5 g5 13. Bg4 Kg8 14. Bf5 Nd7 15. Ne2 a5 16. Bxd7 Qxd7 17. Ng3 f5 18. Nxf5 Rxf5 19. exf5 Qxf5 20. Rc1 b6 21. Qc2 Qf7 22. b3 Nf6 23. Qf5 Rf8 24. a3 Qe8 25. Qg6 Qxg6 26. hxg6 Re8 27. Ke2 Bf8 28. b4 axb4 29. axb4 Kg7 30. Ra1 Kxg6 31. b5 Re7 32. Ra8 Bg7 33. Rha1 Kf7 34. R1a7 Ne8 35. Rb8 e4 36. Kd2 Bf6 37. Rab7 Be5 38. Kc2 Bf6 39. g4 Bg7 40. Rc8 Be5 41. Kd1 Bc3 42. Ke2 Bb4 43. Bd4 Bc5 44. Bc3 Rd7 45. Ra7 Re7 46. Ra1 Kg6 47. Rh1 Kh7 48. Re1 Kg6 49. Kf1 h5 50. gxh5+ Kxh5 51. f3 Rf7 52. Rxe4 Rxf3+ 53. Ke2 Rxc3 54. Rcxe8 Kg6 55. R4e6+ Kf5 56. Rf8+ Kg4 57. Re4+ Kh5 58. Rc8 Kg6 59. Rf8 Rg3 60. Re6+ Kh5 61. Rf3 Rg2+ 62. Kd3 Kg4 63. Rf7 Rg3+ 64. Ke2 Rg2+ 65. Ke1 Rc2 66. Re4+ Kg3 67. Rf5 g4 68. Rg5 Kf3 69. Rexg4 Be3 70. Rg3+ Ke4 71. R5g4+ Kd3 72. Kf1 Rf2+ 73. Ke1 Rc2 1/2-1/2

[Event "St Veit op 43rd"]
[Site "St Veit"]
[Date "2024.07.08"]
[Round "4"]
[White "Wendl, Philipp"]
[Black "Moeller, Dustin"]
[Result "1/2-1/2"]
[WhiteElo "2278"]
[BlackElo "2170"]
[PlyCount "105"]
[EventDate "2024.07.06"]
[EventType "swiss"]
[EventRounds "9"]
[EventCountry "AUT"]
[SourceTitle "CBM 221 Extra"]
[Source "ChessBase"]
[SourceDate "2024.09.30"]
[SourceVersion "1"]
[SourceVersionDate "2024.09.30"]
[SourceQuality "1"]

1. e4 c5 2. Nf3 Nc6 3. d4 cxd4 4. Nxd4 Nf6 5. Nc3 e5 6. Ndb5 d6 7. Bg5 a6 8. Na3 b5 9. Bxf6 gxf6 10. Nd5 Bg7 11. Bd3 Ne7 12. Nxe7 Qxe7 13. 0-0 0-0 14. c4 f5 15. Re1 Bb7 16. exf5 e4 17. Qg4 Rae8 18. cxb5 Kh8 19. bxa6 Ba8 20. Nc4 d5 21. Nd2 Bxb2 22. Rad1 Rg8 23. Qh3 Qg5 24. Bf1 d4 25. Nc4 Bc3 26. Re2 Qf6 27. Rb1 d3 28. Re3 Bd4 29. Rg3 Qxa6 30. Ne3 Qxa2 31. Rxg8+ Rxg8 32. Rb4 Qa1 33. Qh5 Bxe3 34. fxe3 Qf6 35. Rd4 Rd8 36. Rxd8+ Qxd8 37. Qxf7 Bd5 38. Qa7 Bc4 39. Qa4 Bf7 40. Qxe4 d2 41. Qe5+ Kg8 42. Be2 d1Q+ 43. Bxd1 Qxd1+ 44. Kf2 Qd2+ 45. Kg3 Bd5 46. Qe8+ Kg7 47. Qe7+ Kg8 48. Qg5+ Kf7 49. Qh5+ Kg7 50. Qg5+ Kf7 51. Kh3 Qe2 52. f6 Bxg2+ 53. Qxg2 1/2-1/2

[Event "Oberliga Nord N 2324"]
[Site "Germany"]
[Date "2024.04.28"]
[Round "9.3"]
[White "Leisner, Hannes"]
[Black "Moeller, Dustin"]
[Result "1/2-1/2"]
[WhiteElo "2185"]
[BlackElo "2188"]
[PlyCount "159"]
[EventDate "2023.10.22"]
[EventType "team-tourn"]
[EventRounds "9"]
[EventCountry "GER"]
[SourceTitle "EXT 2025"]
[Source "ChessBase"]
[SourceDate "2024.10.14"]
[SourceVersion "1"]
[SourceVersionDate "2024.10.14"]
[SourceQuality "1"]
[WhiteTeam "Schwerin"]
[BlackTeam "Preetz"]
[WhiteTeamCountry "GER"]
[BlackTeamCountry "GER"]

1. Nf3 d5 2. c4 e6 3. g3 Nf6 4. Bg2 Be7 5. 0-0 0-0 6. Qc2 d4 7. d3 c5 8. b4 cxb4 9. a3 Nc6 10. axb4 Nxb4 11. Qb2 Nc6 12. Na3 e5 13. Bg5 h6 14. Bxf6 Bxf6 15. Nd2 Be7 16. Rfb1 a5 17. Nc2 Ra6 18. Qb5 Nb4 19. Ne1 Qc7 20. Rc1 b6 21. c5 bxc5 22. Ne4 Bd7 23. Qc4 Be6 24. Qb5 Rb8 25. Qa4 f5 26. Nd2 Nd5 27. Bxd5 Bxd5 28. Rcb1 Raa8 29. Rxb8+ Rxb8 30. Nc4 e4 31. Nc2 exd3 32. exd3 f4 33. N2a3 Qc8 34. Qd1 fxg3 35. fxg3 Bg5 36. Qe2 Qd7 37. Re1 Rf8 38. Nb6 Qf5 39. Nxd5 Qxd5 40. Nc4 Qf3 41. Qxf3 Rxf3 42. Rd1 Be3+ 43. Kg2 Rf2+ 44. Kh3 h5 45. g4 Rf3+ 46. Kh4 hxg4 47. Kxg4 Rf2 48. Ra1 Rxh2 49. Rxa5 Rc2 50. Kf3 Rf2+ 51. Kg3 Rf5 52. Kg4 g6 53. Ra7 Bf4 54. Rb7 Bh2 55. Rb2 Be5 56. Rb7 Bg7 57. Rc7 Bf8 58. Nd2 Rf2 59. Rc6 Kh7 60. Ne4 Rf5 61. Ng5+ Kh6 62. Ne4 Rf1 63. Rc8 Be7 64. Rc7 Rg1+ 65. Kf3 Bg5 66. Rxc5 Be3 67. Rc6 Kh5 68. Ng3+ Kg5 69. Rc8 Rd1 70. Ne4+ Kf5 71. Rf8+ Ke5 72. Re8+ Kd5 73. Rd8+ Ke6 74. Ra8 Kf7 75. Ra7+ Kf8 76. Nc5 Rc1 77. Ne6+ Ke8 78. Ke4 Re1 79. Kd5 Bf2 80. Nxd4 1/2-1/2

[Event "Oberliga Nord N 2223"]
[Site "Germany"]
[Date "2023.04.23"]
[Round "8.2"]
[White "Holinka, Henning"]
[Black "Moeller, Dustin"]
[Result "1-0"]
[WhiteElo "2249"]
[BlackElo "2256"]
[PlyCount "93"]
[EventDate "2022.10.23"]
[EventType "team-tourn"]
[EventRounds "9"]
[EventCountry "GER"]
[SourceTitle "EXT 2025"]
[Source "ChessBase"]
[SourceDate "2024.10.14"]
[SourceVersion "1"]
[SourceVersionDate "2024.10.14"]
[SourceQuality "1"]
[WhiteTeam "Hamburger SK III"]
[BlackTeam "Preetz"]
[WhiteTeamCountry "GER"]
[BlackTeamCountry "GER"]

1. e4 e5 2. Nf3 Nc6 3. Bc4 Bc5 4. c3 Nf6 5. d3 0-0 6. 0-0 d5 7. exd5 Nxd5 8. Re1 Bg4 9. Nbd2 Nb6 10. h3 Bh5 11. Bb3 Qxd3 12. Nxe5 Qf5 13. Nef3 Rad8 14. Bc2 Qd7 15. b4 Be7 16. Be4 Bf6 17. Qb3 Nd5 18. Bb2 Nf4 19. Rad1 Qc8 20. Qc2 Bg6 21. Bxg6 hxg6 22. Ne4 Rxd1 23. Rxd1 Ne5 24. Nxf6+ gxf6 25. Nxe5 fxe5 26. c4 f6 27. Qe4 Rd8 28. Rxd8+ Qxd8 29. g3 Nxh3+ 30. Kg2 Ng5 31. Qxg6+ Kh8 32. Bc1 Qe7 33. Be3 b6 34. a3 c6 35. Bxg5 fxg5 36. Qxc6 e4 37. Qd5 Kh7 38. c5 bxc5 39. bxc5 Kg7 40. c6 Kf6 41. Qd4+ Kg6 42. Qd7 Qf6 43. c7 e3 44. Qe8+ Kg7 45. fxe3 Qb2+ 46. Kh3 Qe2 47. c8Q 1-0

[Event "Oberliga Nord N 2223"]
[Site "Germany"]
[Date "2023.02.26"]
[Round "6.3"]
[White "Moeller, Dustin"]
[Black "Grahl, Arvid"]
[Result "1/2-1/2"]
[WhiteElo "2256"]
[BlackElo "2150"]
[PlyCount "142"]
[EventDate "2022.10.23"]
[EventType "team-tourn"]
[EventRounds "9"]
[EventCountry "GER"]
[SourceTitle "EXT 2025"]
[Source "ChessBase"]
[SourceDate "2024.10.14"]
[SourceVersion "1"]
[SourceVersionDate "2024.10.14"]
[SourceQuality "1"]
[WhiteTeam "Preetz"]
[BlackTeam "Schwerin"]
[WhiteTeamCountry "GER"]
[BlackTeamCountry "GER"]

1. d4 Nf6 2. c4 g6 3. Nc3 Bg7 4. e4 d6 5. Be2 0-0 6. Nf3 e5 7. Be3 exd4 8. Nxd4 Re8 9. Qc2 Na6 10. Rd1 Nc5 11. f3 a5 12. 0-0 c6 13. Nxc6 bxc6 14. Bxc5 Bf8 15. Qd2 Re6 16. Rfe1 a4 17. Bf1 Qa5 18. Bd4 Bg7 19. Ne2 Qxd2 20. Rxd2 Ba6 21. Rdd1 Rb8 22. Nc3 Ra8 23. g3 Nd7 24. f4 Ree8 25. Bh3 Bc8 26. Bf2 Nf6 27. Bxc8 Rexc8 28. Re2 Rcb8 29. h3 Rb4 30. c5 dxc5 31. e5 Nd5 32. Nxd5 cxd5 33. Rxd5 Rab8 34. Rdd2 h5 35. Be3 a3 36. bxa3 Ra4 37. g4 hxg4 38. hxg4 Rxa3 39. Kg2 c4 40. Rc2 Rc8 41. f5 Bf8 42. Kf3 Ra5 43. Bd4 c3 44. Re3 gxf5 45. gxf5 f6 46. e6 Rxf5+ 47. Ke4 Rh5 48. Bxf6 Rc6 49. Kf4 Rc4+ 50. Re4 Bd6+ 51. Kg4 Rxe4+ 52. Kxh5 Rxe6 53. Bxc3 Kf7 54. Kg4 Re4+ 55. Kf3 Rc4 56. Ke3 Be5 57. Rf2+ Ke6 58. Bxe5 Kxe5 59. Kd3 Rh4 60. Rc2 Kd5 61. Ke3 Rh3+ 62. Kf4 Rh1 63. Kf3 Kd4 64. Rc8 Ra1 65. Ra8 Re1 66. Kf2 Re7 67. a4 Kc5 68. a5 Kb5 69. a6 Kb6 70. a7 Kb7 71. Rb8+ Kxa7 1/2-1/2

[Event "Oberliga Nord N 2223"]
[Site "Germany"]
[Date "2023.02.05"]
[Round "5.2"]
[White "Moeller, Dustin"]
[Black "Gressmann, Moritz"]
[Result "1/2-1/2"]
[WhiteElo "2256"]
[BlackElo "2140"]
[PlyCount "120"]
[EventDate "2022.10.23"]
[EventType "team-tourn"]
[EventRounds "9"]
[EventCountry "GER"]
[SourceTitle "EXT 2025"]
[Source "ChessBase"]
[SourceDate "2024.10.14"]
[SourceVersion "1"]
[SourceVersionDate "2024.10.14"]
[SourceQuality "1"]
[WhiteTeam "Preetz"]
[BlackTeam "Bad Schwartau"]
[WhiteTeamCountry "GER"]
[BlackTeamCountry "GER"]

1. e4 e6 2. d4 d5 3. Nd2 dxe4 4. Nxe4 Bd7 5. Nf3 Bc6 6. Bd3 Nf6 7. Nxf6+ gxf6 8. Bf4 Bd6 9. Bg3 f5 10. Qe2 Bxf3 11. Qxf3 c6 12. c3 Rg8 13. 0-0 Bxg3 14. fxg3 Nd7 15. Rae1 Kf8 16. h3 Rg7 17. Kh2 Qc7 18. Qf4 Qxf4 19. gxf4 Nf6 20. Re3 Rd8 21. Be2 Ke7 22. Rg3 Rxg3 23. Kxg3 c5 24. Rd1 cxd4 25. Rxd4 Rxd4 26. cxd4 Kd6 27. Kf2 Nd5 28. g3 Nb4 29. Bc4 a6 30. a3 Nc6 31. Ke3 Ne7 32. Be2 Nd5+ 33. Kd3 b5 34. b4 Nb6 35. Kc3 Na4+ 36. Kb3 Kd5 37. Bf3+ Kxd4 38. Bb7 f6 39. Bxa6 Nc3 40. Bc8 e5 41. fxe5 fxe5 42. Bxf5 h6 43. Kc2 e4 44. Kd2 Nb1+ 45. Ke2 Nxa3 46. g4 Nc2 47. Bd7 Nxb4 48. Bxb5 Nd5 49. Kf2 Ke5 50. Kg3 Nc7 51. Bc6 Ne6 52. h4 e3 53. Bb5 Nd4 54. Bd3 e2 55. Kf2 Kf4 56. Bxe2 Nxe2 57. Kxe2 Kxg4 58. Kf2 Kxh4 59. Kg2 h5 60. Kh2 Kg4 1/2-1/2

[Event "Oberliga Nord N 2223"]
[Site "Germany"]
[Date "2022.12.11"]
[Round "3.2"]
[White "Moeller, Dustin"]
[Black "Voigt, Martin"]
[Result "0-1"]
[WhiteElo "2256"]
[BlackElo "2330"]
[PlyCount "110"]
[EventDate "2022.10.23"]
[EventType "team-tourn"]
[EventRounds "9"]
[EventCountry "GER"]
[SourceTitle "EXT 2025"]
[Source "ChessBase"]
[SourceDate "2024.10.14"]
[SourceVersion "1"]
[SourceVersionDate "2024.10.14"]
[SourceQuality "1"]
[WhiteTeam "Preetz"]
[BlackTeam "St Pauli II"]
[WhiteTeamCountry "GER"]
[BlackTeamCountry "GER"]

1. Nf3 d5 2. e3 Nf6 3. c4 c6 4. Nc3 Nbd7 5. d4 e6 6. Be2 dxc4 7. a4 Bd6 8. Nd2 0-0 9. Nxc4 Bb4 10. 0-0 a5 11. Qc2 Qc7 12. f4 c5 13. Nb5 Qd8 14. Bd2 Bxd2 15. Qxd2 b6 16. dxc5 Ne4 17. Qd4 Nexc5 18. Rad1 Bb7 19. Ncd6 Bc6 20. Bf3 Bxf3 21. gxf3 Qf6 22. Qxf6 Nxf6 23. Nc3 Rab8 24. Rd4 Rfd8 25. Rfd1 Kf8 26. Nc4 Rxd4 27. Rxd4 g6 28. Kf2 Nxa4 29. Nxa4 b5 30. Nxa5 bxa4 31. Rd2 Rc8 32. e4 Ke7 33. Ke3 Rc5 34. Nb7 Rb5 35. Nd6 Rb3+ 36. Ke2 Nh5 37. f5 Nf4+ 38. Kd1 Rxf3 39. fxg6 hxg6 40. e5 Nd5 41. Rd4 Rf2 42. Rxa4 f5 43. Ra7+ Kf8 44. b4 Nc3+ 45. Kc1 Na2+ 46. Kd1 Nxb4 47. Rf7+ Kg8 48. Rf6 Kg7 49. Rxe6 Nd5 50. h4 Rh2 51. Re8 f4 52. Rd8 Ne3+ 53. Ke1 f3 54. Rd7+ Kh6 55. Rf7 Re2# 0-1

[Event "Oberliga Nord N 2223"]
[Site "Germany"]
[Date "2022.11.27"]
[Round "2.2"]
[White "Hermesmann, Hans"]
[Black "Moeller, Dustin"]
[Result "1/2-1/2"]
[WhiteElo "2205"]
[BlackElo "2256"]
[PlyCount "125"]
[EventDate "2022.10.23"]
[EventType "team-tourn"]
[EventRounds "9"]
[EventCountry "GER"]
[SourceTitle "EXT 2025"]
[Source "ChessBase"]
[SourceDate "2024.10.14"]
[SourceVersion "1"]
[SourceVersionDate "2024.10.14"]
[SourceQuality "1"]
[WhiteTeam "Hamburg Schachfreunde"]
[BlackTeam "Preetz"]
[WhiteTeamCountry "GER"]
[BlackTeamCountry "GER"]

1. d4 d5 2. c4 e6 3. Nc3 Nf6 4. cxd5 exd5 5. Bg5 c6 6. Qc2 h6 7. Bh4 Be7 8. e3 0-0 9. Bd3 Re8 10. Nge2 Nbd7 11. f3 b5 12. 0-0 a5 13. Bf2 Ba6 14. Rad1 Qb6 15. Rfe1 Bf8 16. Bf5 Rad8 17. Nf4 Bd6 18. Bg3 Qb8 19. Qd2 Nb6 20. b3 b4 21. Nce2 Re7 22. Nd3 Bxd3 23. Bxd3 Rde8 24. Bxd6 Qxd6 25. Ng3 g6 26. Rc1 Nbd7 27. Nf1 h5 28. Rc2 c5 29. Bb5 Rb8 30. Bxd7 Nxd7 31. dxc5 Nxc5 32. Rec1 Ne6 33. Qd3 Qe5 34. f4 Qe4 35. Qxe4 dxe4 36. Nd2 f5 37. Nc4 Rb5 38. Ne5 g5 39. g3 h4 40. Rc8+ Kh7 41. Rd1 gxf4 42. exf4 h3 43. Kf2 Rbb7 44. Rd6 a4 45. Ke3 axb3 46. axb3 Rbc7 47. Rxe6 Rxc8 48. Rxe7+ Kg8 49. Nc4 Rd8 50. Nd2 Rd3+ 51. Ke2 Rxg3 52. Nf1 Rxb3 53. Rd7 Rf3 54. Rb7 Rxf4 55. Rxb4 Rg4 56. Rb3 Rg2+ 57. Ke1 f4 58. Rxh3 Ra2 59. Rh4 Ra1+ 60. Kf2 Ra2+ 61. Ke1 Ra1+ 62. Kf2 Ra2+ 63. Ke1 1/2-1/2